[Event "ICS rated bullet match"]
[Site "204.178.125.65"]
[Date "1999.11.19"]
[Round "?"]
[White "Nicy"]
[Black "Hossa"]
[Result "0-1"]
[WhiteElo "2106"]
[BlackElo "2460"]
[Annotator "Hiarcs 7.32 (22s)"]
[PlyCount "49"]
[EventDate "1999.??.??"]

1. d4 1... d5 {Opening = D00 -(2.Nc3 Nf6 3.---)} 2. Bg5 Nd7 3. Nf3 $146 (3. c4
c6 (3... h6 4. Bh4 dxc4 5. e4 c5 6. Bxc4 Nb6 7. Bb3 Qxd4 8. Qxd4 cxd4 9. Nf3
Nf6 10. Nbd2 Nh5 11. Ne5 e6 12. Bd1 Nf6 13. f3 Nfd7 14. Nd3 Nc5 15. Nxc5 Bxc5
16. Rc1 Bb4 17. a3 Bd6 18. Bf2 e5 19. f4 exf4 20. Bxd4 O-O 21. O-O Re8 22. Bb3
Be6 23. e5 Bxe5 24. Bxe5 Bxb3 25. Bxg7 Kxg7 26. Nxb3 Nd5 27. Nd4 Kg6 28. Rc5
Rad8 29. Nf3 Ne3 30. Ne5+ Rxe5 31. Rxe5 Nxf1 32. Kxf1 Rd2 33. Rb5 b6 34. Kg1
Rc2 35. a4 h5 36. b4 Ra2 37. a5 bxa5 38. bxa5 h4 39. h3 f5 40. Rb8 Rxa5 41. Rh8
Ra2 42. Rxh4 Kg5 43. Rh8 f3 44. g3 a5 45. Ra8 45... a4 {
0-1 Hodgson,J-Blatny,P/BL9596 1996/BL 90 (45)}) 4. cxd5 cxd5 5. Nc3 Ngf6 6. e3
(6. Qa4 e6 7. Bxf6 gxf6 8. e4 Bh6 9. exd5 O-O 10. dxe6 Nb6 11. Qc2 Qxd4 12. Bd3
fxe6 13. Bxh7+ Kh8 14. Nf3 Qg4 15. Qg6 Qxg6 16. Bxg6 Rg8 17. Bd3 Rxg2 18. Ke2
Nd5 19. Nxd5 exd5 20. Rag1 20... Bg4 {
Hodgson,J-Arakhamia,K/Palma de Mallorca GMA 1989/TD 89\13/1-0 (34)}) 6... e6 7.
Bd3 (7. Nf3 Be7 8. Bd3 a6 9. Ne5 Nxe5 10. dxe5 Ne4 11. Bxe7 Nxc3 12. Qg4 Kxe7
13. Qb4+ Ke8 14. bxc3 Qg5 15. O-O Qxe5 16. a4 Qc7 17. c4 dxc4 18. Rfc1 a5 19.
Qb2 e5 20. Rxc4 Qd6 21. Rd1 Ke7 22. Be2 Qb8 23. Qb6 Be6 24. Rc7+ Kf6 25. Rdd7
Qf8 26. Bc4 Re8 27. f4 g5 28. f5 Kxf5 29. Bxe6+ {
1-0 Hodgson,J-Davidovic,A/London Haringey 1988/TD 88\02 (29)}) 7... Be7 8. f4
a6 9. Nf3 b5 10. O-O Bb7 11. Ne5 O-O 12. Qf3 b4 13. Na4 h6 14. Bh4 Nxe5 15.
fxe5 Nd7 16. Bxe7 Qxe7 17. Rac1 17... Rfc8 {
Zangiev,P-Sotnikov,I/RUS-sf Briansk 1995/EXP 49/0-1 (45)}) 3... f6 {Sichert e5}
4. Bh4 e6 5. e3 Bd6 6. c3 {Verwehrt dem Gegner b4} 6... Ne7 7. Bg3 e5 8. Be2
O-O 9. O-O c5 10. dxc5 $15 (10. Nbd2 10... b6 $11) 10... Nxc5 11. Nbd2 Qb6 12.
Nb3 $17 (12. b4 $5 {muss geprueft werden} 12... Na6 13. a3 $11) 12... Bg4 13.
Re1 Rac8 14. Nxc5 Qxc5 15. Qd2 Rfd8 16. h3 Be6 17. Red1 17... Bf5 $11 (17...
Nf5 18. Bh2 $15) 18. Ne1 Be4 19. Bd3 $15 (19. Bg4 19... Rc6 $11) 19... Nf5 20.
Bh2 Be7 21. Bxe4 {Alles auf d5!} 21... dxe4 22. Qc2 Qc6 23. Qe2 Nd6 24. Rd2 $17
(24. Bg3 24... a5 $15) 24... Nc4 25. Rad1 $4 $19 (25. Rxd8+ $142 {
war der letzte Versuch} 25... Rxd8 26. b3 $15) 0-1

[Event "ICS rated standard match"]
[Site "204.178.125.65"]
[Date "1999.11.19"]
[Round "?"]
[White "Moron"]
[Black "Hossa"]
[Result "1-0"]
[WhiteElo "2614"]
[BlackElo "2305"]
[Annotator "Hiarcs 7.32 (22s)"]
[PlyCount "123"]
[EventDate "1999.??.??"]

1. d4 1... d5 {Opening = E35 - 5.cd5 ed5} 2. c4 e6 3. Nc3 Nf6 4. Qc2 Bb4 5.
cxd5 exd5 6. Bg5 h6 7. Bh4 g5 (7... O-O 8. e3 Re8 9. Be2 Be6 10. Nf3 Nbd7 11.
O-O Be7 12. a3 Rc8 13. b4 c6 14. Na4 Ne4 15. Bxe7 Qxe7 16. Nc5 b6 17. Nd3 c5
18. bxc5 bxc5 19. dxc5 Ndxc5 20. Nxc5 Rxc5 21. Qb2 Nc3 22. Rfc1 {
Kolbe,J-Birk,R/OLNO 1992/BIG 90/1/2-1/2 (64)}) 8. Bg3 Ne4 9. e3 9... Nc6 $146 (
9... h5 10. Bd3 h4 11. Be5 f6 12. Bxe4 dxe4 13. d5 Kf7 14. Qxe4 Qe7 15. Qc4 Na6
16. Bd4 c5 17. dxc6+ Be6 18. Qe2 Rad8 19. Nf3 g4 20. Nd2 bxc6 21. Nde4 Rh6 22.
Qxa6 Rxd4 23. exd4 Bxc3+ 24. bxc3 {
Seirawan,Y-Al Hadhrani,I/Novi Sad olm 1990/TD 90\06/1-0 (51)}) 10. Bd3 Nxg3 11.
hxg3 Be6 12. a3 Bd6 13. Nf3 13... h5 $16 (13... Qf6 14. Qb3 O-O-O 15. O-O $14)
14. Bb5 a6 15. Bxc6+ bxc6 16. Na4 Bd7 17. Nc5 Bxc5 18. Qxc5 f6 19. b4 Qe7 20.
Qa5 Ra7 21. Rc1 Qe4 22. O-O $14 (22. Rd1 $5 $16) 22... h4 {
Schwarz engt den Gegner ein} 23. gxh4 gxh4 24. Qc5 {Richtet die Aufmerksamkeit
auf den rueckstaendigen Bauern. Schwarz kann nicht kurz rochieren} 24... Rb7
25. Qc2 25... Qg4 {Ermoeglicht auch h3} 26. Nh2 Qg5 27. Qe2 27... h3 {
Droht Matt} 28. g3 Rb6 29. e4 Kd8 30. e5 {Raumgewinn} 30... Re8 $16 (30... fxe5
31. dxe5 Rg8 32. Rc3 $16) 31. Rfe1 {Jetzt haengt e6 in der Luft} 31... Kc8 32.
Rc3 Re7 (32... fxe5 33. dxe5 Qd8 34. g4 $16) 33. Re3 {Will e6 spielen} (33. f4
33... Qf5 $16) 33... Rg7 $18 (33... fxe5 $5 $142 34. Nf3 Qf5 35. Nxe5 35... Rh7
$16) 34. e6 {Weiss haelt das Heft fest in der Hand} 34... Be8 35. e7 Kb7 36.
Qf1 Rh7 37. Qd3 Rh8 38. Re6 Rh6 39. Qf3 Rg6 40. Nf1 Qh4 41. Qd3 Qh5 42. Nh2 Qh8
(42... Rb5 $5 43. Nf3 $18) 43. Qf5 Qg8 (43... Rb5 44. Nf3 $18) 44. Qxh3 Bd7 45.
Rxf6 $14 (45. e8=Q $5 $142 45... Qxe8 46. Rxe8 Bxh3 47. Rh8 $16) 45... Bxh3 {
Es droht Matt} 46. Rxg6 Qxg6 47. e8=Q 47... Qf5 $2 $18 (47... Qxe8 $142 {
und Schwarz kann noch kaempfen} 48. Rxe8 48... a5 $14) 48. Qe5 Qd3 49. Qe3 {
Weiss erhaelt Koenigsangriff} 49... Qh7 (49... Qg6 50. Nf3 $18) 50. Nf3 (50. g4
{erleichterte Weiss die Gewinnfuehrung} 50... Rb5 $18) 50... Qh5 (50... Bf5 51.
Ng5 Qd7 52. f3 $18) 51. Qf4 $1 {logisch und kraftvoll. Droht Matt} 51... Kb8 (
51... Bd7 $18) 52. Re7 {Mit der Mattdrohung Qxc7} 52... Rb7 53. Qf8+ Bc8 (53...
Ka7 {waere gleichermassen fruchtlos} 54. Re8 Qxe8 55. Qxe8 $18) 54. Ne5 {
Droht Matt: Nxc6} 54... Qh3 55. Re8 $1 {ist die Ueberraschung!} 55... Rb5 56.
g4 {Mit der Mattdrohung Rxc8} 56... Kb7 (56... Ka7 {
aendert nichts am Ausgang der Partie} 57. Rxc8 Qxg4+ 58. Nxg4 Rb8 59. Rxb8 c5
60. Ra8+ Kb7 61. Qc8+ Kc6 62. dxc5 a5 63. Ne5+ Kb5 64. Rxa5#) 57. Rxc8 Qxg4+
58. Nxg4 c5 59. Ne5 Rb6 60. Rb8+ Ka7 61. Ra8+ Kb7 62. Qc8# 1-0

[Event "ICS rated bullet match"]
[Site "204.178.125.65"]
[Date "1999.11.19"]
[Round "?"]
[White "Hossa"]
[Black "Nicy"]
[Result "1-0"]
[WhiteElo "2464"]
[BlackElo "2102"]
[Annotator "Hiarcs 7.32 (22s)"]
[PlyCount "64"]
[EventDate "1999.??.??"]

1. e4 1... c5 {Opening = B34 - 4.Nd4 g6 (5.Nc3 Bg7 6.Be3 Nf6 7.---)} 2. Nf3 Nc6
3. d4 cxd4 4. Nxd4 g6 5. Nxc6 bxc6 6. Bd3 (6. Bc4 Bg7 7. O-O Rb8 (7... e6 8. c3
d5 9. exd5 cxd5 10. Bb3 Ne7 11. Nd2 O-O 12. Nf3 a5 13. Be3 Nf5 14. Qd2 Nxe3 15.
Qxe3 Qc7 16. Nd4 Bd7 17. Rad1 Rfc8 18. Rc1 Rab8 19. Qd2 Qc5 20. Ne2 Bb5 21. Bd1
Bc4 22. a3 {Mieles,E-Nones,T/WchJM-U18 Guarapuava 1995/JUN 95/0-1 (32)}) 8. c3
Nf6 9. Re1 d5 10. Bb3 Nxe4 11. Rxe4 dxe4 12. Qe2 O-O 13. Nd2 Qd3 14. Qxe4 Qxe4
15. Nxe4 Bf5 16. Ng3 Bd3 17. Bg5 Rfe8 18. Re1 Bf6 19. Bh6 Bg7 20. Bg5 20... c5
{Takemoto,N-Thorsteinsdottir,G/Thessaloniki olw 1984/BIG 80/0-1 (46)}) 6... Bg7
7. O-O 7... d6 $146 (7... Qb6 8. Nc3 d6 9. Kh1 Nf6 10. f4 Ng4 11. Qf3 f5 12.
exf5 gxf5 13. h3 h5 14. Nd1 e6 15. Ne3 Kf7 16. Nc4 Qc7 17. Qe2 d5 18. Nd2 c5
19. c4 Bb7 20. Nf3 Bf6 21. Kg1 Rag8 22. Re1 {
Mueller,R-Rapparlie,W/OLBaden 1992/GER 04/0-1 (37)}) (7... Nf6 8. c4 O-O 9. Nc3
d5 10. h3 Rb8 11. Qe2 dxe4 12. Nxe4 Nxe4 13. Bxe4 Qc7 14. Rb1 f5 15. Bc2 c5 16.
Bg5 e5 17. Qd2 Be6 18. b3 Rf7 19. Rbd1 Bf8 20. Rfe1 Re8 21. Bd8 Qb8 22. Ba5 {
Steiner,H-Stoltz,G/Groningen 1946/MCL 01/1/2-1/2 (52)}) 8. Nc3 8... e6 $14 {
Verwehrt dem Gegner d5} (8... Bxc3 $5 9. bxc3 9... Qa5 $11) 9. Re1 Ne7 10. Bg5
O-O (10... Rb8 11. Qc1 $14) 11. Qd2 Qc7 12. Bh6 d5 13. Bxg7 Kxg7 14. Rad1 d4
15. Ne2 c5 16. Ng3 e5 17. Qg5 Qd6 18. Nh5+ Kh8 19. Qh6 {Mit der Mattdrohung Qg7
} 19... Rg8 20. b3 Bg4 21. Be2 Bxh5 (21... Bxe2 22. Rxe2 Qa6 23. Ng3 $11) 22.
Bxh5 Rgf8 23. Bf3 Ng8 24. Qh4 Kg7 25. Rd2 f6 26. Red1 a5 27. Be2 Rfb8 28. Bc4 {
Ein gutes Feld fuer den Laeufer} 28... a4 29. Rd3 axb3 30. Rh3 {
Droht Matt: Qxh7} 30... h5 31. Rxb3 (31. axb3 31... Ne7 $11) 31... Rxb3 32.
Bxb3 $17 (32. axb3 Ra2 33. Rc1 33... Nh6 $15) 32... Qe6 $4 $18 {
wirft den sicheren Gewinn weg} (32... Qa6 $142 33. c4 33... Ne7 $17) 1-0

[Event "ICS rated standard match"]
[Site "204.178.125.65"]
[Date "1999.11.19"]
[Round "?"]
[White "Hossa"]
[Black "Amateur"]
[Result "1-0"]
[WhiteElo "2303"]
[BlackElo "2333"]
[PlyCount "123"]
[EventDate "1999.??.??"]

1. e4 c5 2. Nf3 d6 3. Bc4 Nf6 4. Nc3 Nbd7 5. d3 g6 6. Bg5 Bg7 7. O-O O-O 8. Qd2
Nb6 9. Bh6 Nxc4 10. dxc4 Bg4 11. Bxg7 Kxg7 12. Qf4 Bxf3 13. Qxf3 Nd7 14. b3 Qa5
15. Qe3 Nf6 16. Rfd1 Qd8 17. Qg5 h6 18. Qe3 Rc8 19. Qh3 Qe8 20. a3 Rc6 21. Qe3
Qd7 22. e5 Ng4 23. Qf4 Rd8 24. exd6 Rxd6 25. Rxd6 exd6 26. Rd1 g5 27. Qf3 Ne5
28. Qd5 Qc6 29. Nb5 Qxd5 30. Rxd5 f6 31. Nxa7 Kf7 32. Nb5 Ke6 33. Rd2 h5 34.
Nc7+ Kf5 35. Nd5 Re8 36. f3 h4 37. Kf2 Nf7 38. g3 Re5 39. gxh4 gxh4 40. Rd1 Kg6
41. f4 Re8 42. Rg1+ Kf5 43. Rg7 Nh6 44. Kf3 b6 45. Nxb6 Re1 46. Nd5 Rf1+ 47.
Kg2 Re1 48. Kh3 Re2 49. a4 Rd2 50. a5 Ke4 51. a6 Nf5 52. Rg2 Rxg2 53. Kxg2 Nd4
54. a7 Nxc2 55. a8=Q Nd4 56. Qa1 h3+ 57. Kf2 Nc2 58. Qc1 Na3 59. Qe3+ Kf5 60.
Ne7+ Kg4 61. Qf3+ Kh4 62. Nf5# {Amateur checkmated} 1-0

[Event "ICS rated standard match"]
[Site "204.178.125.65"]
[Date "1999.11.19"]
[Round "?"]
[White "Amateur"]
[Black "Hossa"]
[Result "1-0"]
[WhiteElo "2316"]
[BlackElo "2320"]
[PlyCount "87"]
[EventDate "1999.??.??"]

1. e4 e5 2. Nf3 Nc6 3. Bb5 a6 4. Ba4 Nf6 5. O-O Be7 6. Re1 b5 7. Bb3 d6 8. c3
O-O 9. h3 Na5 10. Bc2 c5 11. d4 Qc7 12. Nbd2 Nc6 13. d5 Na5 14. Nf1 Nc4 15. b3
Nb6 16. Ng3 a5 17. Be3 Bd7 18. Qd2 a4 19. Qe2 Qa7 20. b4 cxb4 21. cxb4 Rac8 22.
Bd3 Qa6 23. Nh4 Bd8 24. Nhf5 Nc4 25. Rac1 Re8 26. Bg5 Rf8 27. Qf3 Nb2 28. Be2
Bxf5 29. Nxf5 Rxc1 30. Rxc1 Nc4 31. Bh6 g6 32. Bxc4 bxc4 33. Bxf8 Kxf8 34. Ne3
Be7 35. Rxc4 Qb5 36. Qd1 Kg8 37. Qc2 Bf8 38. a3 Kg7 39. Nd1 Nd7 40. Rc7 Nf6 41.
Nb2 Nh5 42. Nxa4 Nf6 43. Nc3 Qb8 44. Rc4 {Hossa resigns} 1-0

[Event "ICS rated blitz match"]
[Site "204.178.125.65"]
[Date "1999.11.19"]
[Round "?"]
[White "ComputoJon"]
[Black "Hossa"]
[Result "0-1"]
[WhiteElo "2230"]
[BlackElo "2287"]
[PlyCount "98"]
[EventDate "1999.??.??"]

1. e4 e5 2. Nf3 d6 3. d4 exd4 4. Nxd4 g6 5. Be3 Nf6 6. Nc3 Bg7 7. Qd2 Ng4 8.
Bg5 f6 9. Bh4 Nc6 10. h3 Bh6 11. f4 Nge5 12. Bf2 Nxd4 13. Bxd4 Nc6 14. Be3 f5
15. O-O-O fxe4 16. Nxe4 O-O 17. Bc4+ Kh8 18. Ng5 Qf6 19. Bd5 Bg7 20. c3 Ne7 21.
Bb3 Nf5 22. Bf2 Bh6 23. g4 Ng7 24. Be3 Qe7 25. Rde1 Qd7 26. Rhf1 c6 27. Bd4 c5
28. Be3 Qc7 29. Rd1 c4 30. Bc2 Rb8 31. Bd4 Kg8 32. Kb1 Ra8 33. Be4 Kh8 34. Qe3
Re8 35. Qf3 Kg8 36. Bd5+ Ne6 37. Rfe1 Bxg5 38. fxg5 Qf7 39. Qe3 Rb8 40. Rd2 Qc7
41. Qf3 Qa5 42. Rde2 h6 43. Qf6 Qxd5 44. Qxg6+ Kf8 45. Rxe6 Rxe6 46. Rxe6 Bxe6
47. Bg7+ Ke7 48. Bf6+ Kd7 49. gxh6 49... Qd1# {ComputoJon checkmated} 0-1

[Event "ICS rated blitz match"]
[Site "204.178.125.65"]
[Date "1999.11.19"]
[Round "?"]
[White "ComputoJon"]
[Black "Hossa"]
[Result "0-1"]
[WhiteElo "2260"]
[BlackElo "2300"]
[PlyCount "88"]
[EventDate "1999.??.??"]

1. e4 e5 2. Nf3 Nc6 3. d4 exd4 4. Nxd4 Nf6 5. Nxc6 bxc6 6. e5 Qe7 7. Qe2 Nd5 8.
c4 Nb6 9. Nd2 Qe6 10. b3 Bc5 11. Bb2 O-O 12. O-O-O Ba6 13. Qh5 Bxf2 14. Bd3 h6
15. Qf3 Bc5 16. Ne4 Bb4 17. g4 Rfe8 18. g5 Bb7 19. gxh6 Qxh6+ 20. Kb1 Be7 21.
Rhg1 Rf8 22. Ng3 Qh3 23. Qe4 Bc5 24. Rg2 d5 25. exd6 Rfe8 26. Qf5 Bc8 27. Qxh3
Bxh3 28. Re2 Rxe2 29. Bxe2 cxd6 30. Bf3 d5 31. Nh5 Bf5+ 32. Ka1 Bf8 33. cxd5
cxd5 34. Rg1 Bg6 35. Nf4 Be4 36. Bxe4 dxe4 37. Nh5 Kh7 38. Nxg7 e3 39. Nf5 Re8
40. Bc3 Nd5 41. Be1 Nf4 42. Rg3 Rc8 43. Kb2 Nd3+ 44. Kb1 44... Rc1# {
ComputoJon checkmated} 0-1

[Event "ICS rated standard match"]
[Site "204.178.125.65"]
[Date "1999.11.19"]
[Round "?"]
[White "Beadle"]
[Black "Hossa"]
[Result "0-1"]
[WhiteElo "2368"]
[BlackElo "2301"]
[PlyCount "238"]
[EventDate "1999.??.??"]

1. d4 d5 2. Nf3 Nf6 3. c4 e6 4. Nc3 Be7 5. Bf4 c5 6. dxc5 Bxc5 7. e3 Nc6 8. Bd3
O-O 9. O-O dxc4 10. Bxc4 Qe7 11. Bg5 h6 12. Bxf6 Qxf6 13. Qc2 Ne5 14. Be2 Nxf3+
15. Bxf3 Qe5 16. Rfd1 Bd6 17. g3 Rd8 18. Qb3 Rb8 19. Nb5 Qf6 20. Be4 Bc5 21.
Rxd8+ Qxd8 22. Qc3 Bb6 23. Qe5 Ra8 24. Nd6 Bc7 25. Rd1 Rb8 26. Rd2 f6 27. Nxb7
fxe5 28. Nxd8 Ba5 29. Nc6 Bxd2 30. Nxb8 a5 31. Kg2 Kf7 32. Kf3 Kf6 33. g4 g6
34. h4 g5 35. hxg5+ hxg5 36. b3 Bb4 37. Nc6 Bc3 38. Na7 Ba6 39. a3 Bd2 40. Nc6
Bb7 41. Nb8 Bc8 42. Ke2 Bc1 43. a4 Ba3 44. Kf3 Bb4 45. Nc6 Bc3 46. Na7 Ba6 47.
Kg3 Be2 48. Bc2 Ke7 49. f3 Be1+ 50. Kg2 Kd6 51. Nb5+ Kc5 52. Nc7 Kd6 53. Ne8+
Ke7 54. Ng7 e4 55. Bxe4 Bc3 56. Nh5 Bd1 57. Ng3 Bxb3 58. Bc6 Bd2 59. Kf2 Bc2
60. Ne2 e5 61. Ng3 Kd6 62. Bb5 Ke6 63. Ke2 Bb4 64. e4 Kd6 65. Nf5+ Kc5 66. Ne7
Bb3 67. Kd3 Be1 68. Nc6 Kd6 69. Nb8 Bd1 70. Ke3 Ke7 71. Nc6+ Ke6 72. Nd8+ Ke7
73. Nb7 Bb4 74. Kf2 Bc3 75. Bc6 Bd2 76. Kg2 Bc3 77. Bb5 Bb4 78. Kg3 Be1+ 79.
Kg2 Bb4 80. Bc6 Bc3 81. Kg3 Be1+ 82. Kg2 Bc3 83. Bd5 Bxa4 84. Nc5 Bb5 85. Ne6
Bd2 86. Nc7 Bd7 87. Ba2 Kd6 88. Nd5 Bb5 89. Kg3 a4 90. Kf2 a3 91. Ne3 Kc5 92.
Nc2 Bc1 93. Na1 Kb4 94. Nb3 Bf4 95. Na1 Kc3 96. Bd5 Ba4 97. Ke2 Kb2 98. Kd3
Kxa1 99. Kc3 Bd1 100. Bc4 a2 101. Bd3 Bg3 102. Bc4 Bxf3 103. Kb3 Bxe4 104. Ka3
Bc2 105. Kb4 Kb1 106. Bxa2+ Kxa2 107. Kc3 Be4 108. Kc4 Bf3 109. Kc3 e4 110. Kd4
Kb3 111. Kd5 e3+ 112. Ke6 Bxg4+ 113. Kf6 e2 114. Kxg5 Bd7 115. Kf6 e1=Q 116.
Kf7 Qe6+ 117. Kg7 Be5+ 118. Kh7 Qf7+ 119. Kh6 119... Bf4# {Beadle checkmated}
0-1

[Event "ICS rated blitz match"]
[Site "204.178.125.65"]
[Date "1999.11.19"]
[Round "?"]
[White "Hossa"]
[Black "SharpShooter"]
[Result "0-1"]
[WhiteElo "2314"]
[BlackElo "2732"]
[PlyCount "132"]
[EventDate "1999.??.??"]

1. e4 d5 2. exd5 Qxd5 3. Nc3 Qa5 4. d4 Nf6 5. Nf3 Nc6 6. d5 Nb4 7. Bb5+ Bd7 8.
Bxd7+ Nxd7 9. a3 Nf6 10. axb4 Qxa1 11. O-O Qa6 12. Ne5 Qd6 13. Nb5 Qd8 14. Bf4
Rc8 15. c4 g5 16. Bxg5 Bg7 17. Qa4 O-O 18. Nc3 a6 19. Bxf6 Bxf6 20. Nd7 Bxc3
21. Nxf8 Bg7 22. Nxh7 Kxh7 23. Qc2+ Kg8 24. Re1 c6 25. dxc6 Rxc6 26. c5 Rh6 27.
Rd1 Qc7 28. g3 Qe5 29. h4 Bf6 30. Qc1 Rg6 31. Qc4 Kg7 32. Kg2 Qf5 33. Rd5 Qc8
34. h5 Rg4 35. Qb3 Qe6 36. f4 Kh6 37. Qf3 Rg8 38. f5 Qe1 39. Rd7 Qxb4 40. Rxb7
Qxc5 41. g4 Qd4 42. Kh3 Qg1 43. Rb3 Rg5 44. Ra3 Kh7 45. Ra2 Be5 46. b4 Rxg4 47.
Rg2 Rxg2 48. Qxg2 Qe3+ 49. Kg4 Qf4+ 50. Kh3 Qxf5+ 51. Kh4 Kh6 52. Qc6+ e6 53.
Qc1+ Bf4 54. Qc5 Qxc5 55. bxc5 f5 56. Kh3 a5 57. Kh4 a4 58. Kh3 a3 59. Kg2 a2
60. Kf3 a1=Q 61. Ke2 Qb2+ 62. Kd3 Bg3 63. Ke3 Be1 64. Kd3 Qd2+ 65. Kc4 Qb4+ 66.
Kd3 66... Qe4# {Hossa checkmated} 0-1

[Event "ICS rated bullet match"]
[Site "204.178.125.65"]
[Date "1999.11.19"]
[Round "?"]
[White "GARCICS"]
[Black "Hossa"]
[Result "0-1"]
[WhiteElo "1571"]
[BlackElo "2468"]
[Annotator "Hiarcs 7.32 (22s)"]
[PlyCount "42"]
[EventDate "1999.??.??"]

1. e4 1... e5 {Opening = C99 - 12.Nbd2 cd4 13.cd4} 2. Nf3 Nc6 3. Bb5 a6 4. Ba4
Nf6 5. O-O Be7 6. Re1 b5 7. Bb3 d6 8. c3 O-O 9. h3 Na5 10. Bc2 c5 11. d4 Qc7
12. Nbd2 cxd4 13. cxd4 Nc6 14. Nb3 Bb7 (14... Bd7 15. Be3 Rfe8 16. Rc1 Bf8 17.
Bb1 Qd8 18. d5 Na5 19. Nbd2 Rc8 20. Qe2 Nh5 21. b4 Nc4 22. Nxc4 bxc4 23. Rxc4
Bb5 24. Rxc8 Qxc8 25. Qd2 Qd7 26. Rc1 Rc8 27. Ne1 Be7 28. Nd3 Bd8 29. Nb2 Rxc1+
30. Qxc1 Qc7 31. Qxc7 Bxc7 32. a4 Bd7 33. Bd3 a5 34. b5 Nf4 35. Bf1 g5 36. Nc4
g4 37. hxg4 Bxg4 38. f3 Bd7 39. Bb6 Bb8 40. Nxa5 f5 41. Nc6 Bxc6 42. bxc6 fxe4
43. fxe4 {1-0 Kheir,A-Righi,E/Dubai olm 1986/TD 86\02 (43)}) 15. Be3 $146 (15.
d5 Nd8 (15... Na5 16. Nxa5 Qxa5 17. a4 Rfc8 18. Bd3 Nd7 19. Bg5 Bxg5 20. Nxg5
h6 21. axb5 Qb6 22. bxa6 Bxa6 23. Bxa6 Rxa6 24. Rxa6 Qxa6 25. Nf3 Nc5 26. Re3
Rb8 27. Nh4 g6 28. Qg4 Kh7 29. f4 Qa7 30. Kh2 Qe7 31. f5 Qg5 32. fxg6+ fxg6 33.
Rg3 Qxg4 34. Rxg4 g5 35. Nf5 Rb6 36. h4 Kg6 37. hxg5 hxg5 38. b4 Nxe4 39. Ne7+
Kf6 40. Nc8 Rb8 41. Rxe4 Rxc8 42. b5 Kf5 43. Rb4 e4 44. Kg3 Ke5 45. Kf2 Kxd5
46. b6 Ra8 47. Ke3 Kc5 48. Rxe4 Kxb6 49. Re6 Ra3+ 50. Ke2 {
Larsen,B-Keres,P/Zuerich 1959/MCL 02/1/2-1/2 (60)}) 16. Bd2 a5 17. Rc1 b4 18.
Bd3 Qb8 19. Qc2 Ne8 20. Be3 f5 21. Bb6 Nf7 22. Nxa5 Bxd5 23. exd5 Qxb6 24. Nc6
Bf6 25. Bxf5 h6 26. Qb3 Ng5 27. Be6+ Kh8 28. Nh4 Kh7 29. Qc2+ e4 30. Rxe4 b3
31. axb3 g6 32. Rb4 {1-0 Sanguineti,R-Neikirkh,O/Portoroz izt 1958/IZT (32)}) (
15. Bg5 h6 16. Bh4 Nh5 17. d5 Nd8 18. Bxe7 Qxe7 19. Nfd4 Nf4 20. Nf5 Qf6 21.
Re3 Kh7 22. a4 bxa4 23. Rxa4 Bc8 24. Rb4 Nb7 25. Rc3 g6 26. Ne3 a5 27. Rb6 Qd8
28. Nc4 Ra7 29. Nc1 29... Qg5 {
Bronstein,D-Keres,P/Amsterdam ct 1956/CAND/0-1 (53)}) (15. Bd2 15... Rac8 $11)
15... Nb4 {Schwarz zwingt den Gegner mit starken Drohungen nieder} 16. Bb1 Bxe4
17. Bxe4 Nxe4 18. d5 $4 $19 {danach kann Weiss alle Traeume begraben} (18. Rc1
$142 {haette die Partie gerettet} 18... Qd8 19. a3 $11) 18... Qb7 (18... Nf6 $5
19. Bg5 Nbxd5 20. Rc1 $19) 19. Bd2 Nxd2 20. Qxd2 Nxd5 21. Rad1 (21. Na5 Qb6 22.
Qxd5 22... Qxa5 $19) 21... Nf4 (21... Nf4 22. Na5 22... Qb6 $19) 0-1

[Event "ICS Rated bullet match"]
[Site "204.178.125.65"]
[Date "1999.11.19"]
[Round "?"]
[White "Nitro"]
[Black "Hossa"]
[Result "0-1"]
[WhiteElo "1453"]
[BlackElo "2468"]
[Annotator "Hiarcs 7.32 (22s)"]
[PlyCount "50"]
[EventDate "1999.??.??"]

1. e4 1... e5 {Opening = C52 - 4.b4 Bb4 5.c3 Ba5} 2. Nf3 Nc6 3. Bc4 Bc5 4. b4
Bxb4 5. c3 Ba5 6. d4 exd4 7. O-O dxc3 8. Qb3 Qe7 9. Ba3 $146 (9. Nxc3 9... d6
$17) 9... d6 10. e5 $2 $19 (10. Nxc3 $142 10... Nh6 11. e5 $17) 10... c2 $4 $17
{wirft den sicheren Gewinn weg} (10... Nxe5 $142 {und Schwarz gewinnt} 11. Nxe5
11... Qxe5 $19) 11. Nc3 Bxc3 12. Qxc3 12... Nxe5 $4 $18 {
vergibt den Vorteil. Schwarz muss dringend die Entwicklung vorantreiben..} (
12... Be6 $142 13. Bb5 13... Kf8 $15) 13. Nxe5 Be6 14. Bxe6 $16 (14. Nxf7 $5
$142 14... Bxc4 15. Nxh8 Bxf1 16. Re1 $18) 14... fxe6 15. Nf3 Nf6 16. Qxc2 O-O
17. Rfe1 Nd5 18. Nd4 18... e5 $16 (18... Nf4 19. Rad1 $14) 19. Nf5 $11 (19. Nf3
$5 $16 $142) 19... Qe6 20. Bb2 $4 $19 {gibt den Vorteil aus der Hand} (20. Ng3
$11 $142 {war der letzte Versuch}) 20... Rxf5 21. Rad1 c6 22. g3 (22. Qb3 {
aendert den traurigen Lauf der Dinge nicht} 22... Raf8 $19) 22... Rf3 23. Qc4
Raf8 24. Re2 Qf5 25. Rde1 (25. Rdd2 $19 {bietet noch letzte Rettungschancen})
25... Rxf2 $1 {logisch und kraftvoll. . . . . . . .} (25... Rxf2 26. Qc1 26...
Nb4 $19) 0-1

[Event "ICS rated bullet match"]
[Site "204.178.125.65"]
[Date "1999.11.19"]
[Round "?"]
[White "Hossa"]
[Black "Nitro"]
[Result "1-0"]
[WhiteElo "2468"]
[BlackElo "1453"]
[Annotator "Hiarcs 7.32 (22s)"]
[PlyCount "23"]
[EventDate "1999.??.??"]

1. e4 1... Nc6 {Opening = B01 - 1.e4 d5} 2. Nf3 d5 3. exd5 Qxd5 4. Nc3 Qa5 5.
Bb5 Bd7 6. O-O e6 (6... O-O-O 7. a3 Nf6 8. Rb1 Qb6 9. h3 e6 10. d3 Nd5 11. Bd2
Be8 12. Bc4 Nd4 13. b4 Nxc3 14. Bxc3 Nxf3+ 15. Qxf3 Qc6 16. Qxc6 {
1/2-1/2 Khalifman,A-Minasian,A/Erevan 1996/TUR 96 (16)}) 7. Re1 $146 (7. a3 Nf6
8. Rb1 Nb8 9. b4 Qb6 10. Bc4 Be7 11. d3 c6 12. Qe2 O-O 13. Ne5 Qd8 14. Bd2 b5
15. Bb3 a5 16. Ne4 axb4 17. axb4 Na6 18. c3 c5 19. Nxc5 Nxc5 20. bxc5 Bxc5 21.
d4 21... Be7 {Laven,R-Louis,P/BL 8182 1982/BL 80/1-0 (34)}) (7. d4 Bb4 8. Qd3 (
8. Qe2 Nge7 9. Ne4 a6 10. Bd3 Ng6 11. c3 Bd6 12. Nfg5 Nce7 13. Nxd6+ cxd6 14.
Qf3 f6 15. Ne4 Qc7 16. Bd2 O-O 17. Qe2 {
1/2-1/2 Buchal,S-Neidhardt,C/Hessen-ch 1991/GER 02 (17)}) 8... a6 9. Bc4 O-O-O
10. Bd2 Qh5 11. Rfe1 Nf6 12. h3 Be8 13. Qe3 Nxd4 14. Nxd4 Bc5 15. Nce2 e5 16.
g4 exd4 17. Qg3 Qg6 18. Bd3 Ne4 19. Qe5 Nxd2 20. Qxc5 Nf3+ 21. Kf1 21... Qc6 {
Dueball,J-Gross,G/GER-CupT 1991/TD 91\01/1/2-1/2 (62)}) 7... Nf6 8. Bxc6 Bxc6
9. Ne5 Qb6 10. d4 Bd6 11. Nxc6 {Haelt den Koenig im Zentrum fest} 11... Qxc6
12. d5 (12. d5 Qb6 13. Be3 Qxb2 14. Bd4 $14) 1-0